000 00449nam a22001697a 4500
005 20160625105336.0
008 160625b xxu||||| |||| 00| 0 eng d
020 _a81-259-1846-9
041 _aeng
082 _b10019
100 _aSengurla, Sailesh
_92741
245 _aManagement of Public Relations and Communication
260 _aNew Delhi
_bVikas Publishing House (P) Ltd.
_c2005
300 _a440
650 _aManagement
_9241
942 _cBK
999 _c3952
_d3951